Quizzes
Events
Quiz Creation
Community
Videos
Private Events
Remove Ads
Sign In
Join for FREE
Feedback
Dark Mode
Quiz Categories
Sports
Geography
Music
Movies
Television
Just For Fun
Miscellaneous
History
Literature
Language
Science
Gaming
Entertainment
Religion
Holiday
For Kids
Quiz Lab
Recent
Popular Today
Quiz Kudos Today
Editor Picks
Curator Picks
Quizzes by...
Day
Popularity
Type
Ratings
Length
Year
Community
Subscriptions
Recent Discussions
Orange Saloon
Badges
Playlists
Quests
Create
Leaderboards
Showdown
Live 5
Trivia Bingo
Activity
Puzzle Library
Sporcle Events
Private Events
Virtual Trivia
Globe League
Become a Host
Pub Owners
SporcleCon
Opinionation
Our Games
Videos
Blog
Mobile Apps
Partnerships
Remove Ads and Go Orange
Feedback
Television
TV Characters
TV Show
Sitcom
Network
Friends
Reality Shows
Cast
South Park
Star Trek
The Simpsons
Doctor Who
Television
TV Characters
TV Show
Sitcom
Network
Friends
Reality Shows
Cast
South Park
Star Trek
The Simpsons
Doctor Who
Random Quiz
Search Sporcle
×
Quiz Lab
Quiz Lab
Television
pll
Type in answers that appear in a list
Type in answers that appear in a list
Classic
Best Score? Go Orange.
Pretty Little Liars Trivia (1x04) Stats
Can you name the Pretty Little Liars Trivia from episode 1x04?
By
wsg0518
6m
25 Questions
394 Plays
394 Plays
394 Plays
Comments
Comments
Give Quiz Kudos
Give Quiz Kudos
-
- Ratings
hide this ad
More Info
Replay
Link that replays current quiz
Next Quiz
Link to next quiz in quiz playlist
You Got
0%
They Got
Avg Score
37%
Avg Friend Score
Upgrade to see
Score Distribution
Jump to the score distribution portion of the page
Score
0/25
Timer
06:00
0
Plays Today
Hint
Answer
% Correct
Name the actress that plays Aria Montgomery?
Lucy Hale
92.4%
What colour is the scarf Maya gets Emily?
red
79.7%
What class are Emily and Toby in together?
Chemistry
66%
Who agrees to hold on Alison's bracelet?
Spencer
63.7%
Who picks Spencer up from the motel?
Hanna
56.9%
How old was Ezra when his parents split up?
12
50.8%
Complete: 'We are so out of our _
_
_
_
_
_
'
league
49.5%
What does Emily do because 'she likes the way it makes her feel'?
swim
44.7%
What is put in Toby's locker?
shaving cream
43.7%
What number is Ezra's apartment?
3B
40.1%
How does A send Hanna a message?
over the radio
39.3%
Why is Hanna in trouble?
crashing Sean's car
36.5%
Where are Spencer's parents during the episode?
New York
34.8%
Hint
Answer
% Correct
Complete: 'I've been drinking _
_
_
_
_
I'd rather not mix my beverages'
scotch
27.7%
What award is Spencer nominated for?
The Golden Orchid
27.4%
What is the song A dedicates to Hanna?
I Don't Need You Anymore
25.6%
What sport does Kate do?
sailing
24.1%
Where does Hanna's father live?
Maryland
22.1%
Where does Tom take Hanna?
Jolly Roger
20.1%
What is Ezra doing at the beginning of the episode?
riding his bike
19.8%
Complete: 'It's mostly to remind myself that there was _
_
_
_
_
_
before laptops'
literature
18%
What does Ezra make 'really good' of?
leftovers
17.3%
What is Aria's aunt's cats name (the one she had stuffed)?
Mugsy
14.7%
Where is Wren staying?
Edgewood Motorcourt
10.2%
What is the instrumental music playing while Ezra and Aria talk?
Life with Ezra
7.1%
Quiz Playlist
Details
Report
Send in Message
Add To Playlist
More Info:
Name the answers to the Pretty Little Liars trivia questions from episode 4, season 1
Classic:
Type in answers that appear in a list
Last Updated: Jun 20, 2017
Quiz Scoreboard
CHALLENGE
Sign Up to Join the Scoreboard
Show All
Scores
Hide
Comments
May contain spoilers
Recently Published
College Basketball Coaching Resumes
by pancakes188
Sports
9m
Billboard Blitz: Fleetwood Mac
by CooCooCachoo
Music
15s
Presidents Visiting Landmarks
by Hejman
History
7m
More to Explore
Quiz From the Vault
Featured Blog Post
Where Did the Easter Bunny Come From?
hide this ad
You Might Also Like...
Tags
pll
Pretty Little Liars
Today's Top Quizzes in Television
Browse Television
hide this ad
Today's Top Quizzes in pll
Browse pll
Top Contributed Quizzes in Television
1
5-to-1: The Simpsons Families
2
5-to-1: Television Doctors
3
7-to-1: TV Show Settings
4
5-to-1: Streaming Originals
5
One Piece Logic Puzzle
6
Survivor Seasons
7
Survivor Logic Puzzle: Heroes vs. Villains
8
All US Survivor Seasons in Order
9
TV Shows by First Names
10
Survivor Season by Logo
Explore More
Trending Topics
Kpop
Disney
NBA
Marvel
Crossword
Harry Potter
Anime
The Office
Country
NFL
Puzzle
Pokémon
Song
Soccer
WWE
hide this ad
More By:
wsg0518
Quiz
Plays
Rating
Category
Featured
Created
Gossip Girl Quotes (1x02)
3,447
4.00
Television
Jan 3, 2019
Gossip Girl Quotes (1x01)
1,651
5.00
Television
Jan 3, 2019
Gossip Girl Quotes (1x03)
1,178
4.00
Television
Jan 3, 2019
Pretty Little Liars Quotes (1x17)
1,130
5.00
Television
Apr 27, 2017
Pretty Little Liars Quotes (1x13)
1,032
5.00
Television
Dec 11, 2016
Go to Creator's Profile
Score Distribution
Quiz Creator Spotlight
wsg0518
Follow
Send a Message
Quizzes Created
-
Created Quiz Play Count
-
More By This Creator
Popular Quizzes Today
1
Find the US States - No Outlines Minefield
2
Find the Countries of Europe - No Outlines Minefield
3
The Countries of the World
4
Find the US States
5
Risky Map Clicking: Biggest States A-Z
6
US States
7
Popular People in 1961
8
Movies - When Are They Set?
More Television Quizzes
Criteria Characters: Better Call Saul
Quiz Lab
Trending Quizzes
Risky Map Clicking: Least Populous States A-Z
1-10 Letter G Words
1-10 Letter F Words
Risky Map Clicking: Next State Alphabetically
Click the Washington State Counties! (Map)
Recently Updated
Leaping Animals
pecheneg
Reality TV Shows (A-Z)
bhenderson79
Rickey Henderson's Hall of Fame Teammates
pecheneg
Champions League XIs: Arsenal
pecheneg
Quick Pick: Celebrities in WWE's Hall of Fame
aduchscher
A-Z Keypad Blitz II
pecheneg
Multiple Oscar Actors
pecheneg
Mystery Phrase Blitz: Oscar 'Best Actors'
pecheneg
F. Scott Fitzgerald Novels
LTH
Pick 3 Villains
ddd62291
Trending Topics
Marvel
Kpop
Crossword
Harry Potter
NBA
Disney
Anime
NFL
WWE
Pokémon
Soccer
The Office
Song
Puzzle
Country
Your Account Isn't Verified!
In order to create a playlist on Sporcle, you need to verify the email address you used during registration. Go to your
Sporcle Settings
to finish the process.
Report this User
Report this user for behavior that violates our
Community Guidelines
.
Details:
Send Report
Go to the Sporcle.com Mobile Site →
Comments